Представление документа в формате RUSMARC

ПолеНазваниеЗначение
  Тип записи a
  Библиографический уровень m
001 Контрольный номер RU/SLIB/B/208724390
005 Дата корректировки 20230111114506.5
010 Индекс ISBN __
d Цена 2-40
101 Язык документа 0_
a Язык текста rus
c Язык оригинала rus
200 Заглавие и сведения об ответственности 1_
a Заглавие Имена московских улиц
e Сведения, относящиеся к заглавию путеводитель
f Первые сведения об ответственности Г. К. Ефремов [и др.] ; под общ. ред. А. М. Пегова
b Общее обозначение материала Текст
210 Выходные данные 1_
a Место издания М.
c Издательство Моск. рабочий
d Дата издания 1985
215 Физическое описание __
a Объем 463 с.
330 Аннотация __
a Аннотация О происхождении названий московских улиц, их расположении в городе.
606 Тематические рубрики __
a Основная рубрика История
y Географическая подрубрика Россия; Москва
606 Тематические рубрики __
a Основная рубрика История России в целом
610 Ключевые слова 0_
a Ключевые слова города; столицы; история городов; города-герои; улицы; достопримечательности; памятники; историческая литература; столицы мира
686 Индексы других классификаций __
a Классификационный индекс 63.3(2-2Москва)л6; ст63.3(2-2Москва)л6
801 Источник записи _0
a Страна RU
b Организация Муниципальное бюджетное учреждение культуры "Централизованная библиотечная система" г. Сургут (Центральная городская библиотека им. А. С. Пушкина)
g Правила каталогизации КиК/Лебедева
801 Источник записи _1
a Страна RU
b Организация Муниципальное бюджетное учреждение культуры "Централизованная библиотечная система" г. Сургут (Центральная городская библиотека им. А. С. Пушкина)
g Правила каталогизации КиК/Лебедева
852 Данные о местонахождении __
j Шифр хранения 63.3(2-2Москва)л6
c Каталожный индекс 63.3(2-2Москва)л6
i Авторский знак И 51
p Инвентарный номер 27928
901 Тип документа __
t Тип документа m
969 Тип издания __
a Тип издания путеводитель
990 Данные о заказе (DOS) __
j Количество экземпляров (DOS) 2
t N записи в КСУ для И/У (DOS) 199101